| 000 | 00444nam a22001697a 4500 | ||
|---|---|---|---|
| 003 | OSt | ||
| 005 | 20260126005005.0 | ||
| 008 | 260126b |||||||| |||| 00| 0 eng d | ||
| 020 | _a978-14-310616-6 | ||
| 040 |
_aDWCL - Main lib _cOC |
||
| 082 | _aFic. S874 2010 | ||
| 100 | _aBram, Stoker | ||
| 245 |
_aDracula / _bStoker Bram |
||
| 260 |
_aNew York : _bPenguin group, Inc., _cc2010. |
||
| 300 |
_a420 p. : _c21 cm. |
||
| 942 |
_2ddc _cFIC. _mFic. _n0 |
||
| 999 |
_c7769 _d7769 |
||